Physique
Na minha lista:
| Autor principal: | |
|---|---|
| Formato: | Livro |
| Idioma: | francês grego |
| Publicado em: |
París
Société D'Edition Les Belles Lettres
1952
|
| Colecção: | Collection des Universités de France
|
| Assuntos: | |
| Tags: |
Adicionar Tag
Sem tags, seja o primeiro a adicionar uma tag!
|
MARC
| LEADER | 00000nam a2200000 a 4500 | ||
|---|---|---|---|
| 001 | UCY6399 | ||
| 003 | CL-VaPUC | ||
| 008 | 950526e19520000FR |||||||||||||||||fre|d | ||
| 041 | 0 | 7 | |a fre |2 CL-VaPUC |
| 041 | 0 | 7 | |a gre |2 CL-VaPUC |
| 082 | 0 | 4 | |a 185 |b ARI |2 21 |
| 100 | |a Aristóteles, |d 384 a.C.- 322 a.C. |e author |9 194 | ||
| 245 | 1 | 0 | |a Physique |
| 300 | |a v | ||
| 942 | |c BK | ||
| 945 | |d 19950526 00:00:00 |a oaravena | ||
| 260 | |a París |b Société D'Edition Les Belles Lettres |c 1952 | ||
| 500 | |a v.1: Libros del 1-4 | ||
| 500 | |a v.2: Libros del 5-8 | ||
| 600 | 0 | |a Aristóteles, |d 384 a.C.- 322 a.C. |9 194 | |
| 650 | 0 | |a Filosofía |9 223554 | |
| 650 | 0 | |a Filosofía antigua |9 255705 | |
| 650 | 0 | |a Física |9 227844 | |
| 650 | 0 | |a Naturaleza |9 269656 | |
| 650 | 0 | |a Vida |9 266033 | |
| 650 | 0 | |a Cosmología |9 269138 | |
| 651 | 0 | |a Grecia |9 265314 | |
| 583 | |a last modification |c 19950526 00:00:00 |k Rodrigo Vera | ||
| 490 | 0 | |a Collection des Universités de France | |
| 999 | |c 233965 |d 233963 | ||
| 952 | |0 0 |1 0 |4 0 |6 185_000000000000000_ARI_1952 |7 0 |8 A |9 239838 |a BIBEDU |b BIBEDU |d 2019-11-18 |h v.1 |i 1509225 |o 185 ARI 1952 |p 1509225 |r 2019-11-18 |w 2019-11-18 |y BK |k FIL | ||
| 952 | |0 0 |1 0 |4 0 |6 185_000000000000000_ARI_1952 |7 0 |8 A |9 239839 |a BIBEDU |b BIBEDU |d 2019-11-18 |h v.2 |i 1509233 |o 185 ARI 1952 |p 1509233 |r 2019-11-18 |w 2019-11-18 |y BK |k FIL | ||
| 952 | |0 0 |1 0 |4 0 |6 185_000000000000000_ARI_1952 |7 0 |8 X |9 239840 |a BIBART |b BIBART |d 2019-11-18 |h v.1 |i 1205994 |o 185 ARI 1952 |p 1205994 |r 2025-03-13 |w 2019-11-18 |y BK_X |k ART | ||